| 000 | nam a22 a 4500 | ||
|---|---|---|---|
| 999 |
_c1144 _d1144 |
||
| 003 | AKMAL | ||
| 005 | 20170508143058.0 | ||
| 008 | 170508s2007 my l 00 may d | ||
| 020 | _a967891025X (kkt.): | ||
| 040 | _aAKMAL | ||
| 082 | 0 | 4 |
_a342.595023 MAL _221 |
| 090 | 0 | 0 |
_a342.595023 _bMAL |
| 110 | 1 |
_aMalaysia _9400 |
|
| 245 | 1 | 0 |
_aAkta Tafsiran 1948 dan 1967 (Akta 388) : _bhingga 10hb November 2007 / _cdisusun oleh Lembaga Penyelidikan Undang-Undang |
| 260 |
_aKuala Lumpur : _bInternational Law Book Services, _c2007 |
||
| 300 | 0 | 0 |
_a86ms. ; _c24cm |
| 650 | 0 |
_aLaw _xInterpretation and construction _zMalaysia _92340 |
|
| 710 | 2 |
_aLembaga Penyelidikan Undang-Undang _92341 |
|
| 942 |
_2ddc _cBOOK |
||
| 950 | _lAKMAL | ||